[Event "GER-chT U18 Girls"]
[Site "Karlsruhe"]
[Date "2015.05.10"]
[Round "7.4"]
[White "Uhn, Jeanine"]
[Black "Eilers Koenig, Nadja"]
[Result "0-1"]
[WhiteElo "800"]
[BlackElo "800"]
[PlyCount "48"]
[EventDate "2015.05.07"]
[EventType "team-swiss"]
[EventRounds "7"]
[EventCountry "GER"]
[SourceTitle "EXT 2017"]
[Source "ChessBase"]
[SourceDate "2016.10.25"]
[SourceVersion "1"]
[SourceVersionDate "2016.10.25"]
[SourceQuality "1"]
[WhiteTeam "Hennigsdorf OS (W)"]
[BlackTeam "Berlin Kollwith Gymn (W)"]
[WhiteTeamCountry "GER"]
[BlackTeamCountry "GER"]

1. e4 c5 2. Nf3 Nc6 3. Nc3 d6 4. d3 g6 5. Be3 Bg7 6. Be2 Nf6 7. d4 Ng4 8. Qd2 Nxe3 9. fxe3 cxd4 10. exd4 0-0 11. Bc4 Bg4 12. Nd5 Bxf3 13. gxf3 Qa5 14. 0-0-0 Qxd2+ 15. Rxd2 Nxd4 16. Nxe7+ Kh8 17. Rg1 Nxf3 18. Rgd1 Nxd2 19. Rxd2 Rad8 20. b4 Rfe8 21. Nd5 Rxe4 22. Bb3 Rde8 23. Kb1 Re1+ 24. Rd1 Rxd1# 0-1